000 00338 a2200169 4500
001 192553
020 _a978-85-08-07441-9
040 _cMagnum
100 _aFrança, Mary
240 1 0 _aO artista
_lpor
245 1 0 _aO artista
300 _a16
362 0 _a2014
440 1 _aÁtica
697 _aLITERATURA INFANTIL
942 _cBK
999 _c192553
_d192553